Ibn Ginni's Kitab al-mugtasab /
المؤلف الرئيسي:
مؤلفون آخرون:
التنسيق: كتاب
اللغة: German
منشور في:
Leipzig :
J.C. Hinrichs,
1904.
سلاسل:
Leipziger semitistische Studien ;
I, 3.
الموضوعات:
الوسوم: إضافة وسم
رقم الطلب: (R)PJ6101 .E22
| LEADER | 00923cam a2200253 4500 | ||
|---|---|---|---|
| 001 | ocm06668361 | ||
| 003 | OCoLC | ||
| 005 | 20240221002617.0 | ||
| 008 | 800829s1904 gw 000 0 ger c | ||
| 010 | |a ac 33003955 | ||
| 050 | 4 | |a (R)PJ6101 |b .E22 | |
| 100 | 1 | |a Ibn Jinni, Abu al-Fath Uthman, |d -1002. | |
| 245 | 1 | 0 | |a Ibn Ginni's Kitab al-mugtasab / |c Herausgegeben und mit einer einleitung und anmerkungen verssehen von dr. Edgar Probster. |
| 264 | 1 | |a Leipzig : |b J.C. Hinrichs, |c 1904. | |
| 300 | |a xxii, 64 pages ; |c 23 cm. | ||
| 336 | |a text |b txt |2 rdacontent | ||
| 337 | |a unmediated |b n |2 rdamedia | ||
| 338 | |a volume |b nc |2 rdacarrier | ||
| 490 | 1 | |a Leipziger semitistische studien, |v I, 3 | |
| 500 | |a Published in part as the editor's inaugural dissertation, Leipzig, 1903. | ||
| 650 | 0 | |a Arabic language |x Verb. | |
| 700 | 1 | |a Probster, Edgar, |e editor. | |
| 830 | 0 | |a Leipziger semitistische Studien ; |v I, 3. | |
| 999 | |c 56962 |d 56962 | ||
